书目信息 |
| 题名: |
聚尘集
|
|
| 作者: | 方平, 著 | |
| 分册: | 九如 | |
| 出版信息: | 北京 煤炭工业出版社 2018 |
|
| 页数: | 213页 | |
| 开本: | 24cm | |
| 丛书名: | ||
| 单 册: | ||
| 中图分类: | I217.62 , I253 | |
| 科图分类: | ||
| 主题词: | 中国文学--zhong guo wen xue--当代文学--作品集 , 新闻--xin wen--作品集--中国--当代 | |
| 电子资源: | ||
| ISBN: | 978-7-5020-6857-8 | |
| 000 | 01243nam 2200289 450 | |
| 001 | 012001006075 | |
| 005 | 20131015140806.0 | |
| 010 | @a978-7-5020-6857-8@dCNY39.80 | |
| 099 | @aCAL 012019058742 | |
| 100 | @a20190408d2018 em y0chiy50 ea | |
| 101 | 0 | @achi |
| 102 | @aCN@b110000 | |
| 105 | @ay z 000zy | |
| 106 | @ar | |
| 200 | 1 | @a聚尘集@Aju chen ji@i九如@f方平著 |
| 210 | @a北京@c煤炭工业出版社@d2018 | |
| 215 | @a213页@d24cm | |
| 314 | @a方平, 大学文化, 中共党员, 《散文选刊》签约作家。 | |
| 330 | @a本书收录作者发表于各级报刊上的新闻作品60余篇, 见证了一个时代的社会变迁。如《委员参政建良言呼吁灌区活水源 —— 湖南临湘市龙源水库修复浇灌良田12万亩》《说农村事唱农家曲演农民戏 —— 湖南临湘政协为农村基层文化建设建言》《摆脱“保姆式”杜绝“小学化” —— 湖南临湘政协规范学前教育管理》《临湘市办理政协提案 —— 实现从“答复”到落实的跨越》等发表于《中国政协报》的新闻作品, 站在一名政协委员的角度, 反映了民生最关切的问题。 | |
| 517 | 1 | @a九如@Ajiu ru |
| 606 | 0 | @a中国文学@Azhong guo wen xue@x当代文学@x作品集 |
| 606 | 0 | @a新闻@Axin wen@x作品集@y中国@z当代 |
| 690 | @aI217.62@v5 | |
| 690 | @aI253@v5 | |
| 701 | 0 | @a方平,@Afang ping@f1964-@4著 |
| 801 | 0 | @aCN@b上海新华@c20191020 |
| 905 | @b1098685-8@dI217.62@e938@f4 | |
| 聚尘集.九如/方平著.-北京:煤炭工业出版社,2018 |
| 213页;24cm |
| ISBN 978-7-5020-6857-8:CNY39.80 |
| 本书收录作者发表于各级报刊上的新闻作品60余篇, 见证了一个时代的社会变迁。如《委员参政建良言呼吁灌区活水源 —— 湖南临湘市龙源水库修复浇灌良田12万亩》《说农村事唱农家曲演农民戏 —— 湖南临湘政协为农村基层文化建设建言》《摆脱“保姆式”杜绝“小学化” —— 湖南临湘政协规范学前教育管理》《临湘市办理政协提案 —— 实现从“答复”到落实的跨越》等发表于《中国政协报》的新闻作品, 站在一名政协委员的角度, 反映了民生最关切的问题。 |
| ● |
| 相关链接 |
|
|
|
|
正题名:聚尘集
索取号:I217.62/938
 
预约/预借
| 序号 | 登录号 | 条形码 | 馆藏地/架位号 | 状态 | 备注 |
| 1 | 1098685 | 210986851 | 第一样本阅览室/ [索取号:I217.62/938] | 在馆 | |
| 2 | 1098686 | 210986860 | 第二借阅区/ [索取号:I217.62/938] | 在馆 | |
| 3 | 1098687 | 210986879 | 第二借阅区/ [索取号:I217.62/938] | 在馆 | |
| 4 | 1098688 | 210986888 | 第二借阅区/ [索取号:I217.62/938] | 在馆 |